000
00295nam a2200133Ia 4500
100
_a
Tylecote/R.F
942
_c
BK
654
_a
Welding Of Metals
245
_a
Solid Phase Welding Of Metall
260
_b
Edword arnold
_a
London
_c
1968
082
_a
671.52
300
_a
334
546
_a
ENGLISH
999
_c
35665
_d
35665